000 00486nam a22001337a 4500
082 _a353.78
_bPAK
_cD
110 _aSurface Water Hydrology Project H & SA Org Wapda Lahore
_937928
245 _a1979 Annual Report River and Climatological Data of Pakistan Vol - III (Part - B)
260 _alahore
_bSurface Water Hydrology Project H & SA Org Wapda Lahore
_c1979
300 _aVarious pages
_c26 cm
526 _a0
_b0
_c0
_d353_780000000000000_PAK
650 _aMCE
_9379
942 _2ddc
_cBK
999 _c542666
_d542666